000 00627nam a2200193 a 4500
001 000042056
003 DO-SdBNP
005 20251029134258.0
008 131112s1968 ve 000 0 spa d
040 _aDO-SdBNP
_bspa
_cBNPHU
082 _axxx
_bV458m
100 1 _aSiso Martínez, J. M.
_969047
245 1 0 _aMomentos estelares de la historia de Venezuela /
_cJ. M. Siso Martínez.
260 _aCaracas :
_b[Instituto Nacional de Cultura y Bellas Artes],
_c1968.
300 _a131 p. ;
_c17 cm.
490 1 _aBiblioteca Popular Venezolana
_v112
830 0 _aBiblioteca Popular Venezolana
_n112
_969048
942 _2ddc
_cLBS1
999 _c41545
_d41545